Central Library OPAC University of Rajshahi

Explorations in personality : (Record no. 29405)

MARC details
000 -LEADER
fixed length control field 00963nam a22002531 4500
001 - CONTROL NUMBER
control field 29405
003 - CONTROL NUMBER IDENTIFIER
rucl marc code BD-RjUL
005 - DATE AND TIME OF LATEST TRANSACTION
control field 20211209051417.0
008 - FIXED-LENGTH DATA ELEMENTS--GENERAL INFORMATION
fixed length control field 140403r19531938nyua 001 0 eng d
035 ## - SYSTEM CONTROL NUMBER
System control number (BD-RjUL)29490
040 ## - CATALOGING SOURCE
Original cataloging agency DLC
Transcribing agency DLC
Modifying agency DLC
-- BD-RjUL
Language of cataloging eng
041 ## - LANGUAGE CODE
Language code of text/sound track or separate title eng
082 00 - DEWEY DECIMAL CLASSIFICATION NUMBER
Classification number 155.2
Author mark and year EXP 1953
245 00 - TITLE STATEMENT
Title Explorations in personality :
Remainder of title a clinical and experimental study of fifty men of college age /
Statement of responsibility, etc. by the workers at the Harvard psychological clinic: Henry A. Murray, William G. Barrett, Erik Homburger [and others].
260 ## - PUBLICATION, DISTRIBUTION, ETC. (IMPRINT)
Place of publication, distribution, etc. New York ;
-- London [etc.] :
Name of publisher, distributor, etc. Oxford university press,
Date of publication, distribution, etc. 1938 [reprinted 1953].
300 ## - PHYSICAL DESCRIPTION
Pagination xiv, 761 p. :
Illustrations ill. ;
Size 25 cm.
504 ## - BIBLIOGRAPHY, ETC. NOTE
Bibliography, etc Includes index.
650 #0 - SUBJECT ADDED ENTRY--TOPICAL TERM
Topical term or geographic name as entry element Personality.
9 (RLIN) 89673
700 1# - ADDED ENTRY--PERSONAL NAME
Personal name Murray, Henry A.
Fuller form of name (Henry Alexander),
Dates associated with a name 1893-1988.
710 2# - ADDED ENTRY--CORPORATE NAME
Corporate name or jurisdiction name as entry element Harvard University.
Subordinate unit Harvard Psychological Clinic.
9 (RLIN) 89674
942 ## - ADDED ENTRY ELEMENTS (KOHA)
Source of classification or shelving scheme Dewey Decimal Classification
Koha item type Books
Holdings
Lost status Source of classification or shelving scheme Damaged status Not for loan Collection code Permanent Location Current Location Shelving location Date acquired Source of acquisition Cost, normal purchase price Total Checkouts Full call number Date last seen Copy number Koha item type
  Dewey Decimal Classification   Added to bundle Non-fiction Central Library, University of Rajshahi Central Library, University of Rajshahi Reading Room 09/08/1955 O. U. P. 34.00   155.2 EXP 1953 03/04/2014 C-1 Books
  Dewey Decimal Classification     Non-fiction Central Library, University of Rajshahi Central Library, University of Rajshahi   05/02/1958 Oxford university press. 56.14   155.2 EXP 1953 03/04/2014 C-2 Books
  Dewey Decimal Classification   Not For Loan Non-fiction Central Library, University of Rajshahi Central Library, University of Rajshahi Reading Room 17/01/1970 Zeit 0.00   155.2 EXP 1963 15/04/2014 C-1 Books